Акустические основы звукорежиссуры : (Record no. 171022)
[ view plain ]
| 000 -LEADER | |
|---|---|
| fixed length control field | 01440nam a2200337 u 4500 |
| 001 - CONTROL NUMBER | |
| control field | 000468467 |
| 003 - CONTROL NUMBER IDENTIFIER | |
| control field | AM-YeHGA |
| 005 - DATE AND TIME OF LATEST TRANSACTION | |
| control field | 20250617133804.0 |
| 008 - FIXED-LENGTH DATA ELEMENTS--GENERAL INFORMATION | |
| fixed length control field | 051213s2004 ||| r ||| 0 rus d |
| 020 ## - INTERNATIONAL STANDARD BOOK NUMBER | |
| International Standard Book Number | 5756703578 |
| 040 ## - CATALOGING SOURCE | |
| Original cataloging agency | AM-YeHGA |
| 041 0# - LANGUAGE CODE | |
| Language code of text/sound track or separate title | rus |
| 090 ## - LOCALLY ASSIGNED LC-TYPE CALL NUMBER (OCLC); LOCAL CALL NUMBER (RLIN) | |
| -- | 172460 |
| 100 1# - MAIN ENTRY--PERSONAL NAME | |
| Personal name | Меерзон, Борис Яковлевич |
| 245 10 - TITLE STATEMENT | |
| Title | Акустические основы звукорежиссуры : |
| Remainder of title | [Учеб. пособие для вузов] / |
| Statement of responsibility, etc. | Б.Я. Меерзон. |
| 260 ## - PUBLICATION, DISTRIBUTION, ETC. | |
| Place of publication, distribution, etc. | Москва : |
| Name of publisher, distributor, etc. | Аспект Пресс, |
| Date of publication, distribution, etc. | 2004. |
| 300 ## - PHYSICAL DESCRIPTION | |
| Extent | 205 с. : |
| Other physical details | ил. |
| 440 #0 - SERIES STATEMENT/ADDED ENTRY--TITLE | |
| Title | Телевизионный мастер-класс |
| 650 14 - SUBJECT ADDED ENTRY--TOPICAL TERM | |
| Topical term or geographic name entry element | Электроакустика |
| 650 14 - SUBJECT ADDED ENTRY--TOPICAL TERM | |
| Topical term or geographic name entry element | Аудиотехника |
| 650 14 - SUBJECT ADDED ENTRY--TOPICAL TERM | |
| Topical term or geographic name entry element | Музыка |
| 653 0# - INDEX TERM--UNCONTROLLED | |
| Uncontrolled term | Теория музыки |
| 653 0# - INDEX TERM--UNCONTROLLED | |
| Uncontrolled term | Музыкальная акустика |
| 653 0# - INDEX TERM--UNCONTROLLED | |
| Uncontrolled term | Искусствознание |
| 653 0# - INDEX TERM--UNCONTROLLED | |
| Uncontrolled term | Естественнонаучные основы музыки |
| 653 0# - INDEX TERM--UNCONTROLLED | |
| Uncontrolled term | Акустика музыкального исполнения |
| 653 0# - INDEX TERM--UNCONTROLLED | |
| Uncontrolled term | Музыкальное исполнение и звукозапись - Учебник для высшей школы |
| 653 0# - INDEX TERM--UNCONTROLLED | |
| Uncontrolled term | Музыкально-звуковое оформление |
| 653 0# - INDEX TERM--UNCONTROLLED | |
| Uncontrolled term | Музыка и зрелищные искусства |
| 653 0# - INDEX TERM--UNCONTROLLED | |
| Uncontrolled term | Теория музыки и зрелищных искусств |
| Withdrawn status | Lost status | Damaged status | Not for loan | Collection | Home library | Current library | Date acquired | Total checkouts | Full call number | Barcode | Date last seen | Price effective from | Koha item type | Public note |
|---|---|---|---|---|---|---|---|---|---|---|---|---|---|---|
| General | Fundamental Scientific Library | Fundamental Scientific Library | 28/12/2016 | 791.44.071.1 | 120651256 | 28/12/2016 | 28/12/2016 | Գրքեր / Books | 30 Days Loan |
ՀՀ Գիտությունների ազգային ակադեմիայի հիմնարար գիտական գրադարան = Fundamental Scientific Library of NAS RA
All site content, except where otherwise noted, is licensed under a